| 000 | 00477cam a2200193 4500 | ||
|---|---|---|---|
| 001 | D6664 | ||
| 008 | 090401t1983 xxu||||| |||| 00| 0 eng d | ||
| 035 | _a(Sirsi) u2356 | ||
| 041 | _aeng | ||
| 050 | _a333.33 | ||
| 100 | _aLewkowicz, Jan | ||
| 245 | _aBuilding regulations and control | ||
| 260 |
_aReading _bCollege of Estate Management _c1983 |
||
| 300 | _a100p. 25cm | ||
| 350 | _a0 | ||
| 490 |
_aProperty Development Library _v1 |
||
| 942 | _n0 | ||
| 948 | _c04/03/1997 | ||
| 999 |
_c85760 _d85760 |
||